000 00758nam a2200145Ia 4500
008 100122s9999 xx 000 0 und d
082 _b24397
_a781.24
100 _aजोशी आर जी
245 _aसंगीत प्रवीण अर्थात हिंदुस्थानी संगीत के नये गाने भाग-1
260 _bआर जी जोशी
_c1935
300 _a56
630 _aसंगीत प्रवीण अर्थात हिंदुस्थानी संगीत के नये गाने भाग-1
730 _aसंगीत प्रवीण अर्थात हिंदुस्थानी संगीत के नये गाने भाग-1
942 _cBOOK
999 _c382903
_d382900